Smartest animals in the world - Statistics

General Stats
  • This quiz has been taken 39 times
  • The average score is 11 of 20
Answer Stats
# Answer % Correct
1 chimpanzee
94%
3 orangutan
91%
11 african grey parrot
88%
13 dog
88%
15 cat
82%
2 dolphin
82%
4 elephant
82%
12 bonobo
79%
16 whale
73%
6 pig
64%
8 octopus
52%
17 horse
48%
7 rat
48%
5 crow
45%
20 raven
36%
18 wolf
33%
9 pidgeon
21%
14 bee
18%
19 sea lion
18%
10 squirrel
6%
No matching quizzes found
Score Distribution
Percent of People with Each Score
Percentile by Number Answered
Your Score History
You have not taken this quiz